00620nam a2200193Ia 4500008004100000020001500041082001700056100002000073245004400093250000700137260004000144300002600184500001900210600002700229650001500256942000700271952013300278999001500411240925s9999 xx 000 0 und d a8170290120 a621.3815 GRA aGraf ,Rudolf F. 4aThe Encyclopedia of Electronic Circuits aNA aNew Delhi:bBPB Publicationc,1989. axv,969p.bNAfPirated aIncludes Index aElectronic Engineering aTechnology cBK 001040708ELaUITUbUITUd1997-09-10eModern Book Seller g450.00l0o621.3815 GRApQ1090r2024-09-25 07:12:19w2024-09-25yBK c3589d3589